| 000 | 00606 a2200193 4500 | ||
|---|---|---|---|
| 003 | NUST | ||
| 005 | 20230125152852.0 | ||
| 010 | _a41005116 | ||
| 040 | _cNust | ||
| 082 | _a823,SHO | ||
| 100 |
_aSholokhov, Mikhail Aleksandrovich, _9107655 |
||
| 245 |
_aThe Don flows home to the sea / _cMikhail Sholokhov , _htranslated from the Russian by Stephen Garry |
||
| 260 |
_aPutnam _bLondon _c1940 |
||
| 300 |
_avii, 861 p.; _b21 cm |
||
| 505 | _aContents no Available | ||
| 600 |
_aSholokhov, Mikhail Aleksandrovich, _9107655 |
||
| 650 |
_aThe Don flows home to the sea _9107656 |
||
| 942 |
_2ddc _cBK _k823,SHO |
||
| 999 |
_c185950 _d185950 |
||